[Event "11th KIIT Festival 2018"]
[Site "Bhubaneswar"]
[Date "2018.05.28"]
[Round "6"]
[White "Ravi, Teja S"]
[Black "Visakh N R"]
[Result "0-1"]
[WhiteElo "2338"]
[BlackElo "2467"]
[Annotator "TA"]
[PlyCount "77"]
[EventDate "2018.??.??"]
[EventType "swiss"]
[EventCountry "IND"]
[SourceTitle "playchess.com"]
[Source "ChessBase"]
[SourceQuality "1"]

{[%evp 16,77,10,14,5,3,2,4,10,-9,0,0,0,0,11,2,73,-6,0,0,0,1,17,-9,-8,-15,-16,-8,-7,-41,-38,-39,-52,-81,-83,-86,-87,-97,-85,-79,-50,-45,-47,-45,-55,-39,-35,-55,0,0,0,0,0,-5,0,-29985,-29986,-29986,-29987,-29987,-29988,-29985,-5110,-29996]} 1. d4 d5 2. c4 e6 3. Nc3 Bb4 4. Nf3 Nf6 5. cxd5 exd5 6. Bg5 Qd6 7. Bxf6 Qxf6 8. Qb3 {D38: Queen's Gambit Declined: Ragozin Defence (4 Nf3 Bb4)} Qb6 9. e3 {LiveBook: 3 Games} c6 10. Bd3 {The position is equal.} Bd6 $146 ({Predecessor:} 10... Nd7 11. O-O O-O 12. Na4 Qa5 13. Qc2 g6 14. a3 Bd6 15. b4 Qc7 {½-½ (88) Moiseenko,A (2676)-Piorun,K (2631) Khanty-Mansiysk 2017}) 11. Qc2 Bg4 12. Nh4 g6 13. h3 {[%cal Bh2h3,Bh3h4,Bh4h5][%mdl 32]} Be6 14. Nf3 Be7 15. h4 h6 (15... Nd7 $11) 16. O-O-O ({White should play} 16. h5 $16) 16... Nd7 $11 17. h5 g5 18. e4 g4 19. exd5 cxd5 20. Nh4 Bxh4 ({Much weaker is} 20... Qxd4 {[#]} 21. Ng6 $1 $16 {[%mdl 512]}) 21. Rxh4 Qxd4 22. Nb5 Qf4+ 23. Kb1 O-O $1 24. Nc7 Rac8 25. Nxe6 fxe6 26. Qe2 Ne5 27. Re1 Qg5 28. Qxe5 Rc1+ $1 29. Rxc1 Qxe5 30. Rxg4+ Kf7 {aiming for ...Ke7.} 31. f4 Qd4 (31... Qxh5 $15 32. Rc7+ Kf6 33. Rg6+ Qxg6 34. Bxg6 Kxg6) 32. Rc7+ Ke8 33. Rgg7 {[%cal Rc7c8]} Qxd3+ 34. Kc1 {[%cal Rc7c8]} Qe3+ 35. Kb1 $2 {[%mdl 8192] [#]} (35. Kc2 $11 Qe2+ 36. Kc1 Qe1+ 37. Kc2 Qe2+ 38. Kc1 Qe1+ 39. Kc2 Qe4+ 40. Kc3 d4+ 41. Kb4 a5+ 42. Ka3 Qd3+ 43. b3) 35... Qe4+ 36. Kc1 Qxf4+ 37. Kc2 Qa4+ 38. Kc3 Kd8 (38... d4+ $142 39. Kd2 Qb4+ 40. Kd3 Qb5+ 41. Rc4 Qf5+ 42. Kxd4 Qf6+ 43. Kd3 Qxg7 44. Rc8+ Kd7 45. Rxf8 Qxf8 46. Ke4 Qb4+ 47. Kd3 Qxb2 48. Ke3 Qxa2 49. Kd4 a5 50. g4 Qd2+ 51. Ke4 a4 52. g5 a3 53. gxh6 a2 54. h7 a1=Q 55. h8=Q Qxh8 56. h6 Qe2+ 57. Kf4 Qhe5#) 39. Rxb7 {Precision: White = 57%, Black = 59%.} 0-1

[Event "11th KIIT Festival 2018"]
[Site "Bhubaneswar"]
[Date "2018.05.28"]
[Round "6"]
[White "Salonika, Saina"]
[Black "Neelotpal, Das"]
[Result "0-1"]
[WhiteElo "2147"]
[BlackElo "2452"]
[Annotator "TA"]
[PlyCount "96"]
[EventDate "2018.??.??"]
[EventType "swiss"]
[EventCountry "IND"]
[SourceTitle "playchess.com"]
[Source "ChessBase"]
[SourceQuality "1"]

{[%evp 20,96,51,48,52,58,72,64,119,25,16,34,51,46,50,54,46,18,44,12,25,16,47,0,0,-76,-76,-72,-66,-74,79,0,0,-158,-149,-297,-284,-315,-287,-279,-230,-212,-194,-302,-269,-266,-258,-271,-265,-207,0,-220,0,-204,-208,-204,-170,-273,-208,-1337,-795,-760,-768,-741,-731,-29978,-29979,-29987,-29988,-29988,-29988,-29987,-29974,-29973,-29974,-29974,-29975,-29983,-29984]} 1. e4 c5 2. Nc3 Nc6 3. g3 g6 4. Bg2 Bg7 5. d3 d6 6. Be3 e6 7. Qd2 Nd4 8. Nd1 Ne7 9. c3 Ndc6 10. Bh6 Bxh6 11. Qxh6 Ne5 {B26: Closed Sicilian: 3 g3, lines with early Be3} 12. Qd2 O-O 13. Ne3 $146 ({Predecessor:} 13. Ne2 b6 14. d4 cxd4 15. cxd4 N5c6 16. Ne3 d5 17. e5 Kg7 18. h4 h6 19. h5 {1-0 (51) Barbosa,E (2505)-Batista,G (2172) Tres Barras 2016}) 13... b6 (13... d5 $14) 14. h4 (14. f4 $16) 14... Ba6 $11 15. c4 b5 {[%cal Rb5c4]} 16. b3 N5c6 17. Ne2 Qa5 18. Nc3 Nd4 19. Rc1 bxc4 20. dxc4 Bb7 21. Nc2 (21. h5 $5 {[%cal Re3g4]}) 21... e5 22. g4 (22. h5 $11) 22... f5 $17 23. gxf5 {[#]} Nexf5 $1 {[%mdl 512]} 24. h5 $1 (24. exf5 Bxg2) 24... g5 $2 (24... Ne7 $1 $17 {keeps the pressure on.}) 25. Qxg5+ ({Better is} 25. exf5 $16 Bxg2 26. Nxd4 $1 {[%mdl 512]} exd4 27. Qxg5+ Kh8 28. Qxg2) 25... Kh8 $1 $11 26. Ne3 $2 {[#]} (26. Nxd4 $11 Nxd4 27. Qe7) 26... Ne6 $1 $17 {[%cal Re6g5][%mdl 1024] Black has strong compensation.} 27. Qg4 {[#]} (27. Qxf5 $17 Rxf5 28. exf5 Bxg2 29. Nxg2) 27... Nfd4 $1 $19 28. h6 Rg8 29. Qh4 {Qf6+ is the strong threat.} Ng5 30. Kd1 Raf8 {And now ...Rf4 would win.} 31. f3 (31. Rf1 {was the only defense.}) 31... Rf4 ({Don't do} 31... Ndxf3 32. Bxf3 Nxf3 33. Qe7 $19) 32. Qh5 Bc6 ({Don't take} 32... Ndxf3 33. Bxf3 Nxf3 34. Rc2 $17) 33. Rf1 Qa3 34. Rb1 Qa5 35. Rc1 Qa3 {Hoping for ...Qb2.} 36. Rb1 $1 Rg6 37. Qh1 Qa5 $36 {[%mdl 2048] White is under strong pressure.} 38. Kd2 (38. Rc1 $142) 38... Rgf6 39. Ng4 $2 (39. Rbc1) 39... Ngxf3+ 40. Bxf3 Rxf3 41. Rxf3 Rxf3 42. Ne3 {[#]} Rxe3 $1 {[%mdl 512] Black mates.} 43. Kxe3 Qxc3+ 44. Kf2 Qc2+ 45. Kg3 Bxe4 46. Rf1 Qd3+ 47. Kh4 Nf3+ 48. Kg4 {[#]} Qxf1 $1 {[%mdl 512] Precision: White = 34%, Black = 42%.} 0-1

[Event "11th KIIT Festival 2018"]
[Site "Bhubaneswar"]
[Date "2018.05.28"]
[Round "6"]
[White "Ramakrishna J."]
[Black "Viani Antonio Dcunha"]
[Result "0-1"]
[WhiteElo "2121"]
[BlackElo "2424"]
[Annotator "TA"]
[PlyCount "74"]
[EventDate "2018.??.??"]
[EventType "swiss"]
[EventCountry "IND"]
[SourceTitle "playchess.com"]
[Source "ChessBase"]
[SourceQuality "1"]

{[%evp 14,74,17,2,24,10,14,-4,0,-37,-4,-39,-35,-61,-37,-76,-75,-62,-39,-104,-104,-116,-106,-120,-67,-85,-66,-95,-38,-153,-155,-168,-163,-165,-151,-175,-191,-226,-220,-252,-235,-423,-407,-575,-590,-600,-675,-654,-542,-577,-603,-801,-828,-1837,-5235,-29988,-29989,-29993,-29989,-29989,-29965,-29963,-29947]} 1. c4 Nf6 2. Nc3 g6 3. g3 Bg7 4. Bg2 d6 5. d3 O-O 6. e4 c5 7. Nge2 Nc6 {[%cal Bb8c6,Bc6e5,Be5g4,Bg4e3][%mdl 32]} 8. h3 Bd7 {A36: Symmetrical English vs ...g6: 4 Bg2 Bg7} (8... a6 9. a4 Ne8 10. Be3 Nd4 11. O-O Nc7 12. f4 Nxe2+ 13. Qxe2 Ne6 14. f5 Nd4 15. Qf2 gxf5 16. h4 {1-0 (73) Rozum,I (2586)-Pridorozhni,A (2565) Sochi 2017}) 9. Be3 a6 10. Qd2 b5 $146 {The position is equal.} ({Predecessor:} 10... Rb8 11. d4 cxd4 12. Nxd4 b5 13. cxb5 axb5 14. Nxc6 Bxc6 15. O-O Nd7 16. Rac1 {0-1 (55) Chung,A (1832)-Wu,H (2110) Victoria 2017}) 11. Rc1 Ne8 12. h4 Ne5 13. b3 Ng4 14. h5 Nxe3 15. Qxe3 Nf6 16. hxg6 (16. h6 $15 Bh8 17. f3) 16... fxg6 $17 17. f3 b4 18. Nd1 Qc7 (18... e5 $17 19. Bh3 Bxh3 20. Rxh3 Nh5) 19. Qg5 a5 {[%cal Ba6a5,Ba5a4][%mdl 32]} 20. Ne3 e6 ({Black should play} 20... e5 $17 21. O-O a4) 21. Nf4 ({Better is} 21. f4 $15 Bc6 22. g4) 21... a4 22. Bh3 Qc8 23. O-O Qe8 24. Rc2 Qf7 25. Rh2 axb3 26. axb3 Ra3 27. Kh1 $2 {[#]} (27. Rb1 {only move.}) 27... Rxb3 $19 28. e5 (28. Bg2 $142) 28... dxe5 29. Qxe5 Nh5 30. Qg5 Nxf4 31. gxf4 Rxd3 32. Ng4 Qxf4 33. Qxc5 Rxf3 (33... Bd4 $142 34. Qxd4 Rxd4) 34. Rg1 Bd4 {Black mates.} 35. Qe7 Bxg1 36. Nf6+ Qxf6 37. Bxe6+ Rf7 {Precision: White = 16%, Black = 71%.} 0-1

[Event "11th KIIT Festival 2018"]
[Site "Bhubaneswar"]
[Date "2018.05.28"]
[Round "6"]
[White "Srihari L R"]
[Black "Khusenkhojaev, Muhammad"]
[Result "1/2-1/2"]
[WhiteElo "2015"]
[BlackElo "2456"]
[Annotator "TA"]
[PlyCount "128"]
[EventDate "2018.??.??"]
[EventType "swiss"]
[EventCountry "IND"]
[SourceTitle "playchess.com"]
[Source "ChessBase"]
[SourceQuality "1"]

{[%evp 12,128,4,5,6,0,0,0,6,0,15,12,13,-7,0,-2,0,-7,0,-16,0,0,13,7,26,12,22,34,41,29,29,30,56,-36,0,-134,-154,-185,-157,-256,-278,-237,-145,-150,-151,-147,-141,-139,-117,-119,-60,-58,-37,-53,-38,-39,-37,-37,-41,-39,-25,-25,-17,-25,-17,-17,-17,-17,-17,-25,-25,-25,-25,-49,-51,-56,-56,-64,-78,-100,-100,-115,-115,-130,-25,-25,-25,-81,-25,-182,-182,-182,-182,-182,0,-182,-182,-182,-182,-182,-182,-182,-182,-197,0,0,0,0,0,0,0,0,0,0,0,0,0,0,0]} 1. d4 Nf6 2. Bg5 g6 3. Bxf6 exf6 4. e3 d5 5. c4 dxc4 6. Bxc4 Bg7 7. Nc3 O-O {D00: 1 d4 d5: Unusual lines} 8. Nge2 Nd7 (8... f5 9. h4 c6 10. h5 Qe7 11. hxg6 hxg6 12. Nf4 Qd6 13. Qf3 Nd7 14. Qh3 Re8 15. O-O-O {1-0 (29) Bosiocic,M (2624)-Jaracz,B (2245) Katowice 2017}) 9. h4 c5 $146 ({Predecessor:} 9... Nb6 10. Bb3 Qe7 11. h5 Be6 12. Nf4 Bxb3 13. Qxb3 g5 14. h6 Bh8 15. Nd3 c6 16. Nc5 f5 17. O-O-O Rfd8 18. Qc2 Qf6 19. g4 Nd5 20. Qxf5 Nxc3 21. bxc3 {1-0 (21) Zaja,I (2436)-Turcin,L (2181) Hum na Sutli 2016}) 10. h5 cxd4 11. hxg6 hxg6 12. Nxd4 Ne5 13. Bb3 $132 {[%mdl 2048] White is not keeping still} f5 14. Qd2 Bd7 15. O-O-O Rc8 16. Kb1 Re8 17. Ndb5 Bxb5 $1 18. Nxb5 Qf6 19. Nd6 {f4 is the strong threat.} Red8 20. Nxc8 Rxd2 21. Rxd2 f4 22. exf4 (22. Nxa7 $14 fxe3 23. fxe3) 22... Qxf4 23. Rc2 (23. Rhd1 $11 {remains equal.}) 23... Nc6 $1 $17 {[%mdl 1024] Black has strong compensation.} 24. Re1 Bf8 25. Bd5 (25. Re3 $17 {was worth a try.} Nd4 26. Rd2) 25... Nb4 $19 26. Re4 Qh2 27. Rxb4 Bxb4 28. a3 Bf8 29. Nxa7 Qe5 30. Bc4 Bc5 (30... Qd4 $17 31. Nb5 Qd1+ 32. Rc1 Qg4) 31. Nb5 $15 {[#]} Bxf2 $1 {[%mdl 512]} 32. Nd6 $1 (32. Rxf2 Qe1+) 32... Qxd6 33. Rxf2 {[%mdl 4096] Endgame KQ-KRB} Qd4 34. Bxf7+ Kg7 35. Rf3 g5 36. Bb3 $1 Qg1+ 37. Ka2 Qxg2 38. Bd5 Qe2 39. Bxb7 Qc4+ 40. Ka1 g4 41. Rc3 Qf1+ 42. Ka2 Qf7+ 43. Rb3 Qc4 44. Ba8 Kh6 45. Bb7 Kg5 {Threatens to win with ...g3.} 46. Ba8 Kh4 {White must now prevent ...g3.} 47. Bb7 g3 (47... Kh5 $1 $17 {[%cal Rh5h4]} 48. a4 Qxa4+ 49. Ra3 Qc4+ 50. Kb1 Qf1+ 51. Kc2 Qb5) 48. Bg2 $11 Kg4 {And now ...Kh4 would win.} 49. Bf3+ (49. Ba8 $11 {keeps the balance.} Kh3 50. a4) 49... Kh3 ({Black should try} 49... Kf5 $17 50. a4 Qxa4+ 51. Ra3 Qd4) 50. Bb7 $2 (50. Ba8 $1 $11 Kh2 51. a4) 50... Kh2 $1 $19 51. Bf3 {[#]} Kg1 $1 {[%cal Rg1f2]} (51... g2 $2 {[#]} 52. Bxg2 $1 {[%mdl 512]} Kxg2 53. a4 $19) 52. a4 Kf2 $2 (52... Qxa4+ $19 53. Ra3 Qc4+ 54. Kb1 Kf2) 53. Ba8 $2 (53. a5 $11 {and White is okay.} Qe6 54. Bb7) 53... Qxa4+ 54. Ra3 Qc4+ 55. Kb1 Qg8 56. Rf3+ Ke2 {( -> ...g2)} 57. Ra3 g2 $2 {[#]} ({Black should play} 57... Qg6+ $19 58. Ka2 g2 59. Bxg2 Qxg2) 58. Bxg2 $1 $11 {[%mdl 512] The position is equal.} Qxg2 {KQ-KR} 59. Rc3 {aiming for Rc2+.} Qe4+ (59... Qf1+ {keeps more tension.} 60. Ka2 Qf7+ 61. Kb1 Qg6+ 62. Ka1 Qd6) 60. Ka2 Kd2 61. Ka1 Qa4+ 62. Kb1 Qd1+ 63. Ka2 Qa4+ 64. Kb1 Qd1+ {Precision: White = 64%, Black = 42%.} 1/2-1/2

[Event "11th KIIT Festival 2018"]
[Site "Bhubaneswar"]
[Date "2018.05.28"]
[Round "6"]
[White "Balaji Sekar"]
[Black "Rahman, Ziaur"]
[Result "0-1"]
[WhiteElo "1189"]
[BlackElo "2495"]
[Annotator "TA"]
[PlyCount "132"]
[EventDate "2018.??.??"]
[EventType "swiss"]
[EventCountry "IND"]
[SourceTitle "playchess.com"]
[Source "ChessBase"]
[SourceQuality "1"]

{[%evp 14,132,31,28,30,23,61,21,40,20,80,85,134,83,87,62,60,75,74,70,70,43,75,28,65,0,21,0,4,14,55,42,63,58,46,0,0,0,0,0,0,0,0,-45,0,-155,-152,-124,-156,-155,-134,-119,-60,-89,-77,-96,-88,-95,-89,-225,0,-283,-311,-294,-285,-874,-233,-233,-210,-207,-209,-224,-210,-224,-224,-273,-273,-274,-217,-233,-233,-233,-220,-220,-220,-219,-214,-212,-216,-210,-179,-201,-201,-201,-201,-233,-156,-201,-201,-201,-201,-201,-201,-201,-201,-201,-201,-620,-614,-613,-613,-655,-613,-572,-558,-558,-517,-647,-622,-421,-356]} 1. e4 g6 2. d4 Bg7 3. Nc3 d6 4. Be3 a6 5. Qd2 b5 6. h4 {B06: Modern Defence} h5 (6... Nf6 7. f3 Nbd7 8. g4 h6 9. O-O-O Nb6 10. b3 Bb7 11. Nge2 Nfd7 12. Ng3 c5 13. h5 cxd4 14. Bxd4 {1-0 (21) Volokitin,A (2628)-Malakhov,V (2686) Riadh 2017}) 7. O-O-O Nf6 8. f3 {LiveBook: 31 Games. White is slightly better.} b4 9. Nce2 Nc6 $146 ({Predecessor:} 9... a5 10. Nf4 Nc6 11. Bb5 Bd7 12. Ngh3 e5 13. Bxc6 Bxc6 14. dxe5 dxe5 {1-0 (33) Novgorodskij,V-Newerovski,G (2375) Kstovo 1994}) 10. Kb1 (10. d5 $5 {[%cal Rd5c6]} Ne5 11. Qxb4 $14) 10... Rb8 11. Nh3 Bxh3 (11... a5 $11 {remains equal.}) 12. Rxh3 $16 Nd7 13. d5 ({Better is} 13. g4) 13... Nce5 {Threatens to win with ...Nc4.} 14. Nd4 Qc8 $1 15. f4 c5 16. dxc6 $1 (16. fxe5 cxd4 17. Bxd4 Bxe5 $11) 16... Nxc6 17. f5 Nde5 18. Rg3 Bf6 19. Bg5 Bxg5 20. Rxg5 Nxd4 21. Qxd4 f6 22. Rg3 $1 Kf7 23. Be2 Qc6 24. Qe3 a5 25. Qb3+ Kg7 26. Qe6 Rb7 27. Rd5 {aiming for Rxe5!} Qb6 28. Bd1 (28. Rxg6+ $5 Nxg6 29. fxg6 Qg1+ 30. Bd1 $11 (30. Rd1 Qxg2 31. Qf7+ Kh6 $16)) 28... Qg1 29. Rxg6+ $2 (29. Kc1 $11 Rf8 30. Rxe5 $1 {[%mdl 512]} dxe5 31. Qd5) 29... Nxg6 $17 30. fxg6 {White threatens Qf7+ and mate.} Rf8 31. g4 hxg4 (31... Kxg6 32. Rg5+ Kh6 33. Kc1 $11) 32. h5 Qe3 (32... a4 $17 33. Qf5 Rh8) 33. Qxg4 a4 {[%cal Ba5a4,Ba4a3][%mdl 32]} 34. Rd3 Qg5 35. Qe6 a3 36. h6+ (36. Rd5 $17 Qf4 37. Rf5) 36... Kxg6 $2 {[#]} (36... Kxh6 $2 37. Qh3+ Kxg6 38. Rg3 $18) (36... Qxh6 $19 {Hoping for ...Rc7.} 37. Qb3 axb2 38. Kxb2 Ra7) 37. Qh3 $2 {[%mdl 8192] [#]} ({Don't go for} 37. Rd5 $2 Qf4 $17) (37. h7 $1 $11 {[%mdl 512] and White is okay.} Kg7 (37... Kxh7 38. Qh3+) 38. Qb3) 37... Kh7 $1 $19 ({Not} 37... Qxh6 $2 38. Rg3+ Kh7 39. Qf5+ Kh8 40. Rh3 $18) 38. Rd5 f5 {White must now prevent ...b3.} 39. exf5 $2 (39. Qb3) 39... Qf6 $2 (39... b3 40. cxb3 Rc7) 40. Qb3 Qxb2+ ({Stronger than} 40... Qxh6 41. bxa3 Qh1 42. axb4 $11) 41. Qxb2 axb2 42. Kxb2 {[%mdl 4096] Endgame KRR-KRB} Ra7 43. Kb3 Kxh6 44. Be2 Kg5 45. Bd3 Rb8 46. Rd4 Ra3+ 47. Kb2 Ra5 48. Re4 Re5 49. Rc4 Re1 50. Rd4 Rb7 51. Rc4 Kf6 52. Rg4 Ke5 53. Rg6 {Re6+ is the strong threat.} Re3 54. Kb3 Rb8 55. Rg4 {[#]} Re1 $1 56. Kb2 d5 57. Rg6 Kd4 58. Rc6 Re3 59. Rg6 Kc5 60. f6 $2 (60. Ra6) 60... e5 {Black is clearly winning.} 61. Bf5 Rf3 62. Be6 Rf8 63. f7 R3xf7 64. Bxf7 Rxf7 65. Kc1 Ra7 66. Kb2 Ra3 {Precision: White = 46%, Black = 62%.} 0-1

[Event "11th KIIT Festival 2018"]
[Site "Bhubaneswar"]
[Date "2018.05.29"]
[Round "7"]
[White "Rozum, Ivan"]
[Black "Ghosh, Diptayan"]
[Result "1/2-1/2"]
[WhiteElo "2581"]
[BlackElo "2536"]
[Annotator "TA"]
[PlyCount "61"]
[EventDate "2018.??.??"]
[EventType "swiss"]
[EventCountry "IND"]
[SourceTitle "playchess.com"]
[Source "ChessBase"]
[SourceQuality "1"]

{[%evp 18,61,15,15,7,14,31,25,50,5,41,52,52,37,44,55,38,40,72,8,30,-29,5,-10,0,-9,0,0,18,10,14,-6,0,-23,0,-8,-15,-14,0,-2,0,0,0,0,0,0]} 1. d4 Nf6 2. c4 e6 3. Nc3 Bb4 4. e3 O-O 5. Bd3 d5 6. Nf3 c5 7. cxd5 exd5 {E53: Nimzo-Indian: Rubinstein: Main Line (4...0-0 5 Nf3 d5 6 Bd3 c5 7 0-0)} 8. dxc5 Nbd7 9. O-O Nxc5 10. Ne2 {LiveBook: 7 Games} Nxd3 11. Qxd3 Bg4 12. b3 $146 ({Predecessor:} 12. Nfd4 Bd6 13. b3 Bh5 14. Nf4 Bg6 15. Nxg6 hxg6 {1-0 (47) Navara,D (2737)-Hou,Y (2666) Biel 2017}) 12... Qe7 13. Nfd4 Bd7 14. Bb2 Qe4 15. Qd1 Rac8 16. Ng3 Qg6 17. Nde2 {[#] Hoping for Nf4.} Bd6 18. Bd4 (18. Bxf6 $16 {And now Bc3 would win.} Qxf6 19. Qxd5) 18... a6 19. a4 (19. Bxf6 $142 Qxf6 20. Qxd5) 19... Rfd8 20. Nf4 Bxf4 21. exf4 Ne4 22. Re1 Re8 23. Re3 {[#] Nxe4 is the strong threat.} f6 24. Bb2 Qf7 25. Nxe4 Rxe4 26. Rxe4 {The position is equal.} dxe4 27. Rc1 Rxc1 28. Bxc1 h6 29. Be3 Be6 30. b4 Qd7 31. Qxd7 {Precision: White = 55%, Black = 40%.} 1/2-1/2

[Event "11th KIIT Festival 2018"]
[Site "Bhubaneswar"]
[Date "2018.05.29"]
[Round "7"]
[White "Mozharov, Mikhail"]
[Black "Gukesh D"]
[Result "1-0"]
[WhiteElo "2558"]
[BlackElo "2426"]
[Annotator "TA"]
[PlyCount "109"]
[EventDate "2018.??.??"]
[EventType "swiss"]
[EventCountry "IND"]
[SourceTitle "playchess.com"]
[Source "ChessBase"]
[SourceQuality "1"]

{[%evp 16,109,42,42,53,41,50,52,81,75,101,89,82,69,149,147,250,235,200,103,108,108,108,111,128,120,103,124,141,66,94,69,189,156,167,150,170,170,149,20,19,22,90,0,0,0,0,-195,523,585,575,588,580,399,390,393,384,369,379,358,430,431,436,435,422,411,411,377,556,552,564,548,503,479,796,776,764,772,587,575,844,844,1962,1449,1429,1358,1270,1213,12841,12842,12842,12843,12842,12843,12843,12843]} 1. e4 c6 2. d4 d5 3. e5 Bf5 4. Nf3 e6 5. Be2 Ne7 6. O-O Ng6 {B12: Caro-Kann: Advance Variation} (6... h6 7. Nbd2 Nd7 8. Nb3 Bg6 9. a4 a5 10. c3 Nf5 11. Ne1 Be7 12. Nd3 O-O 13. f4 b6 14. g4 Nh4 {1-0 (41) Rodshtein,M (2678)-Riazantsev,A (2662) Sochi 2018}) 7. Be3 Nd7 8. Ne1 h5 9. c3 {LiveBook: 3 Games} h4 10. a4 $146 ({Predecessor:} 10. f4 Qb6 11. Qd2 c5 12. Nd3 Qc7 13. Qd1 Be7 14. Nd2 Rc8 15. Nf3 {½-½ (42) Vysochin,S (2519)-Khakimov,T (2380) St Petersburg 2008}) 10... a6 11. Nd2 f6 12. f4 $1 Qb6 13. Bd3 Ne7 14. b3 fxe5 ({Black should try} 14... O-O-O $14) 15. fxe5 Nxe5 (15... a5 $16 16. Ndf3 g6) 16. a5 $18 Qa7 17. Bxf5 (17. Qe2 $1 $18 Nf7 18. Nef3) 17... Nxf5 $16 18. Qe2 {And now Bf2 would win.} Nf7 19. Nd3 {aiming for Rxf5!} O-O-O 20. Bf4 $36 {[%mdl 2048] White has strong initiative.} Re8 21. Rae1 Bd6 22. Bxd6 ({White should play} 22. Qg4 $16 {Strongly threatening Rxe6!} Qb8 23. Rxe6 $1 {[%mdl 512]} Rxe6 24. Qxf5) 22... N7xd6 $14 23. Qg4 Rhf8 (23... Qa8 $14) 24. Re5 {[%mdl 1024] White has strong compensation.} Rf6 25. Nc5 Qb8 26. Rfe1 Qc7 27. b4 (27. Nxe6 $16 Qf7 28. Nc5) 27... Qf7 $11 28. Nf3 Rg6 (28... Nc4 $11) 29. Qh3 (29. Ng5 $16) 29... Kb8 30. R5e2 {Threatens to win with Ne5.} Nc4 31. Nxh4 $2 (31. Na4 $11 {and White stays safe.}) 31... Rh6 $4 {[%mdl 8192] [#]} (31... Rh8 $19 {and life is good for Black.} 32. Rf1 Rf6 33. Rxf5 exf5 34. Qg3+ f4) 32. Qxf5 $3 $18 {[%mdl 512]} exf5 33. Rxe8+ Ka7 {...Nd6 is the strong threat.} 34. R1e7 Qxe8 35. Rxe8 Rxh4 {[%mdl 4096] Endgame KRN-KRN} 36. Re7 Nd6 37. Rxg7 Rh6 38. g3 Kb8 39. Kg2 Kc8 40. h3 Rh8 41. Re7 Kb8 (41... Rh6 $142 42. Rg7 Rh8) 42. Rd7 {White is clearly winning.} Rh6 43. h4 Kc8 44. Kf3 Rg6 (44... Ne4 $142 45. Rg7 (45. Rxb7 Nxc5 46. Rf7 Ne4 $15) 45... Nxc3 46. Rxb7 Rg6) 45. h5 Rh6 46. g4 Ne4 47. Rg7 fxg4+ 48. Kxg4 Nd6 49. Kg5 Rh8 50. h6 Ne8 51. Kg6 Nxg7 52. hxg7 Re8 53. Kf7 Rd8 54. g8=Q Rxg8 55. Kxg8 {Precision: White = 69%, Black = 38%.} 1-0

[Event "11th KIIT Festival 2018"]
[Site "Bhubaneswar"]
[Date "2018.05.29"]
[Round "7"]
[White "Debashis, Das"]
[Black "Nguyen, Van Huy"]
[Result "1-0"]
[WhiteElo "2522"]
[BlackElo "2462"]
[Annotator "TA"]
[PlyCount "59"]
[EventDate "2018.??.??"]
[EventType "swiss"]
[EventCountry "IND"]
[SourceTitle "playchess.com"]
[Source "ChessBase"]
[SourceQuality "1"]

{[%evp 18,59,7,1,8,12,12,12,9,3,8,13,14,16,16,16,11,0,12,16,41,33,95,93,96,96,172,84,310,318,437,437,437,438,441,438,431,366,464,471,1656,1604,5414,5414]} 1. d4 Nf6 2. c4 e6 3. Nc3 Bb4 4. g3 O-O 5. Bg2 d5 6. Nf3 c5 7. O-O cxd4 8. Nxd4 dxc4 9. Bg5 Bxc3 10. bxc3 h6 $146 {E20: Nimzo-Indian: 4 g3 and 4 f3} ({Predecessor:} 10... Nbd7 11. Qa4 Nb6 12. Qa3 h6 13. Bf4 Nbd5 14. Bd6 Re8 15. Rfd1 e5 16. Nb5 e4 17. Rd4 Bd7 18. Nxa7 {0-1 (38) Thorfinnsson,B (2417)-Stefansson,H (2583) Differdange 2008}) 11. Bxf6 Qxf6 12. Qa4 Bd7 {The position is equal.} 13. Qb4 Na6 14. Qxb7 Nc5 15. Qc7 Rfc8 16. Qa5 Rab8 17. Rab1 Rxb1 18. Rxb1 e5 19. Nb5 Bxb5 (19... Qf5 $14 20. Rf1 Bxb5 21. Qxb5 Qg4) 20. Rxb5 $16 Qd6 {next ...Qd1+ is good for Black.} 21. Qxa7 Qd1+ 22. Bf1 Ne6 $2 (22... Ne4 $16 {keeps fighting.} 23. Qb7 Nd6) 23. Rb8 $18 ({Less strong is} 23. Rxe5 Qe1 $16) 23... Qd8 24. Rxc8 Qxc8 25. a4 {[%cal Ba2a4,Ba4a5,Ba5a6][%mdl 32]} Nc5 26. a5 e4 {[#]} 27. Bh3 $1 {[%mdl 512]} f5 (27... Qxh3 28. Qxc5) 28. Qe7 {White is clearly winning.} Nb3 {[#]} (28... g6 $142 29. a6 Qxa6 30. Qxc5 Qa1+ 31. Bf1 Qxc3) 29. a6 $1 {[%mdl 512]} e3 (29... Qxa6 30. Qe8+) 30. Qxe3 {Precision: White = 94%, Black = 30%.} 1-0